| 000 | 00697cam a22002291 4500 | ||
|---|---|---|---|
| 001 | g 01000108 | ||
| 003 | DLC | ||
| 005 | 20260227111250.0 | ||
| 008 | 790614s1898 gw 000 0 fro | ||
| 010 | _ag 01000108 | ||
| 035 | _a(OCoLC)5068639 | ||
| 040 |
_aDLC _cLU _dDLC |
||
| 042 | _apremarc | ||
| 050 | 0 | 0 |
_aPQ1516 _b.R6 1898 |
| 100 | 0 |
_aRobert la Chievre, _d13th century. |
|
| 245 | 1 | 4 |
_aDie Lieder des Dichters Robert de Rains, genannt La Chievre ... _cvon Wilhelm Mann ... |
| 260 |
_aHalle a. S., _bDruck von E. Karras, _c1898. |
||
| 300 |
_a4 p. l., 38 (2) p. _c23 cm. |
||
| 502 | _aInaug.--Diss.--Halle-Wittenberg. | ||
| 500 | _aVita. | ||
| 700 | 1 |
_aMann, Wilhelm, _d1874- , _eed. |
|
| 999 |
_c23398 _d23398 |
||